Magyarul is tanult a legjobb cseh atlétanő Barbora Špotáková apja a Kassai járásban fekvő Szentandrásról származik ...

Bibliographic Details
Main Authors: Kubány, Éva (Author, Interviewer), Špotáková, Barbora, 1981- (Author)
Format: Article
Language:Hungarian
PhysicalDescription:Fotogr.
Subjects:

MARC

LEADER 00000nab a2200000 ar4500
001 vtls009003158
003 SK-MaSNL
005 20260319071253.0
008 070416c20070414xo |||||||| 000 b|hun
015 |a SNBRB2007/04  |2 snkbucl 
038 |a SNKBUCL 
040 |a DSZK  |b slo  |c DSZK  |e AACR2 
041 0 |a hun 
044 |a xo  |c SK 
080 |a 796.433.2.071  |2 1997 
100 1 |a Kubány, Éva  |4 ivr  |4 aut  |9 459213 
245 1 0 |a Magyarul is tanult a legjobb cseh atlétanő  |b Barbora Špotáková apja a Kassai járásban fekvő Szentandrásról származik ...  |c Kubány Éva 
300 |b Fotogr. 
600 1 7 |a Špotáková, Barbora,  |d 1981-  |2 snkbucl  |9 1046292 
650 0 7 |a hod oštepom  |2 snkbucl  |9 29382 
655 7 |a rozhovory  |2 snkbucl  |9 31831 
700 1 |a Špotáková, Barbora,  |d 1981-  |4 ive  |4 aut  |9 1046292 
773 0 |t Új szó  |g Évf. 60, sz. 86 (14.4.2007), o. 22 
852 |a SNK  |b KIS3GCP 
852 |a DSZK  |b KIS3GCP 
958 |a HU 
958 |a CZ 
999 |c 1751621  |d 1753551